[Event "2024 US National High School (K-12) Championship"]
[Site "Baltimore, Maryland, United States"]
[Date "2024.04.06"]
[Round "3.4"]
[White "Hernandez, Ronald"]
[Black "Deviprasath, Sharvesh R"]
[Result "1/2-1/2"]
[TimeControl "G/90; d10"]
[BlackTitle "FM"]
[WhiteFideId "3524310"]
[BlackFideId "30938228"]
[WhiteElo "2220"]
[BlackElo "2496"]

1. e4 {[%emt 00:12:01]} c5 {[%clk 01:17:26]} {[%emt 00:00:49]} 2. Nf3 {[%clk
01:29:59]} {[%emt 00:00:12]} e6 {[%clk 01:17:26]} {[%emt 00:00:03]} 3. d4
{[%clk 01:29:55]} {[%emt 00:00:13]} cxd4 {[%clk 01:17:26]} {[%emt 00:00:07]} 4.
Nxd4 {[%clk 01:29:55]} {[%emt 00:00:07]} Nf6 {[%clk 01:17:26]} {[%emt
00:00:04]} 5. Nc3 {[%clk 01:29:55]} {[%emt 00:00:10]} Nc6 {[%clk 01:17:26]}
{[%emt 00:00:03]} 6. Ndb5 {[%clk 01:29:19]} {[%emt 00:00:48]} Bc5 {[%clk
01:17:26]} {[%emt 00:00:05]} 7. Be3 {[%clk 01:25:04]} {[%emt 00:04:26]} Bxe3
{[%clk 01:06:15]} {[%emt 00:11:21]} 8. Nd6+ {[%clk 01:24:59]} {[%emt 00:00:16]}
Ke7 {[%clk 01:06:15]} {[%emt 00:00:01]} 9. fxe3 {[%clk 01:24:54]} {[%emt
00:00:15]} Qc7 {[%clk 01:05:27]} {[%emt 00:00:57]} 10. Nc4 {[%clk 01:13:36]}
{[%emt 00:11:28]} Rd8 {[%clk 01:01:18]} {[%emt 00:04:19]} 11. Nb5 {[%clk
00:58:54]} {[%emt 00:14:53]} Qb8 {[%clk 01:01:10]} {[%emt 00:00:18]} 12. Qd3
{[%clk 00:58:43]} {[%emt 00:00:21]} a6 {[%clk 00:57:48]} {[%emt 00:03:32]} 13.
Qa3+ {[%clk 00:54:16]} {[%emt 00:04:37]} d6 {[%clk 00:56:38]} {[%emt 00:01:20]}
14. Nbxd6 {[%clk 00:53:02]} {[%emt 00:01:25]} Rxd6 {[%clk 00:53:31]} {[%emt
00:03:16]} 15. Rd1 {[%clk 00:52:24]} {[%emt 00:00:48]} Nxe4 {[%clk 00:53:31]}
{[%emt 00:00:08]} 16. Bd3 {[%clk 00:50:50]} {[%emt 00:01:44]} b5 {[%clk
00:53:20]} {[%emt 00:00:21]} 17. Bxe4 {[%clk 00:50:20]} {[%emt 00:00:40]} b4
{[%clk 00:53:20]} {[%emt 00:00:06]} 18. Qa4 {[%clk 00:49:17]} {[%emt 00:01:13]}
Qb5 {[%clk 00:53:15]} {[%emt 00:00:13]} 19. Qxb5 {[%clk 00:47:48]} {[%emt
00:01:40]} Rxd1+ {[%clk 00:53:15]} {[%emt 00:00:03]} 20. Kxd1 {[%clk 00:45:15]}
{[%emt 00:02:43]} axb5 {[%clk 00:53:15]} {[%emt 00:00:03]} 21. Ne5 {[%clk
00:40:50]} {[%emt 00:04:36]} Kd6 {[%clk 00:52:38]} {[%emt 00:00:47]} 22. Nxf7+
{[%clk 00:38:52]} {[%emt 00:02:08]} Kc5 {[%clk 00:49:54]} {[%emt 00:02:54]} 23.
Ne5 {[%clk 00:33:01]} {[%emt 00:06:02]} Rxa2 {[%clk 00:43:16]} {[%emt
00:06:48]} 24. Nd3+ {[%clk 00:32:52]} {[%emt 00:00:19]} Kb6 {[%clk 00:43:16]}
{[%emt 00:00:01]} 25. Kd2 {[%clk 00:32:41]} {[%emt 00:00:21]} Na5 {[%clk
00:43:09]} {[%emt 00:00:17]} 26. Nxb4 {[%clk 00:30:28]} {[%emt 00:02:23]} Nc4+
{[%clk 00:43:09]} {[%emt 00:00:02]} 27. Kc3 {[%clk 00:29:46]} {[%emt 00:00:52]}
Ra7 {[%clk 00:43:07]} {[%emt 00:00:12]} 28. b3 {[%clk 00:26:36]} {[%emt
00:03:21]} Nxe3 {[%clk 00:42:39]} {[%emt 00:00:36]} 29. Re1 {[%clk 00:24:24]}
{[%emt 00:02:23]} Ng4 {[%clk 00:42:39]} {[%emt 00:00:07]} 30. Bxh7 {[%clk
00:23:27]} {[%emt 00:01:06]} Nxh2 {[%clk 00:42:39]} {[%emt 00:00:02]} 31. Bg8
{[%clk 00:15:12]} {[%emt 00:08:26]} Rc7+ {[%clk 00:42:39]} {[%emt 00:00:08]} 32.
Kd2 {[%clk 00:14:17]} {[%emt 00:01:05]} Kc5 {[%clk 00:42:38]} {[%emt 00:00:12]}
33. Nd3+ {[%clk 00:14:08]} {[%emt 00:00:19]} Kd6 {[%clk 00:42:38]} 34. Nf2
{[%clk 00:12:49]} {[%emt 00:01:29]} e5 {[%clk 00:42:26]} {[%emt 00:00:22]} 35.
Ne4+ {[%clk 00:12:31]} {[%emt 00:00:28]} Kc6 {[%clk 00:42:24]} {[%emt
00:00:11]} 36. c4 {[%clk 00:12:21]} {[%emt 00:00:21]} Rd7+ {[%clk 00:41:58]}
{[%emt 00:00:34]} 37. Bd5+ {[%clk 00:11:47]} {[%emt 00:00:46]} Kc7 {[%clk
00:41:58]} 38. Ra1 {[%clk 00:10:09]} {[%emt 00:01:47]} Ng4 {[%clk 00:41:43]}
{[%emt 00:00:25]} 39. Ra7+ {[%clk 00:09:50]} {[%emt 00:00:29]} Kb6 {[%clk
00:41:43]} 40. Rxd7 {[%clk 00:09:50]} {[%emt 00:00:08]} Bxd7 {[%clk 00:41:43]}
{[%emt 00:00:02]} 41. c5+ {[%clk 00:09:05]} {[%emt 00:00:55]} Kc7 {[%clk
00:41:43]} {[%emt 00:00:08]} 42. b4 {[%clk 00:08:32]} {[%emt 00:00:43]} Be8
{[%clk 00:40:45]} {[%emt 00:01:08]} 43. Be6 {[%clk 00:07:51]} {[%emt 00:00:52]}
Nf6 {[%clk 00:40:16]} {[%emt 00:00:38]} 44. Nxf6 {[%clk 00:07:38]} {[%emt
00:00:24]} gxf6 {[%clk 00:40:16]} 45. Ke3 {[%clk 00:06:52]} {[%emt 00:00:57]}
Bc6 {[%clk 00:39:37]} {[%emt 00:00:49]} 46. g3 {[%clk 00:05:46]} {[%emt
00:01:17]} Kd8 {[%clk 00:39:37]} 47. Bf5 {[%clk 00:05:23]} {[%emt 00:00:33]}
Ke7 {[%clk 00:39:37]} {[%emt 00:00:07]} 48. Be4 {[%clk 00:05:17]} {[%emt
00:00:16]} Bd7 {[%clk 00:39:37]} {[%emt 00:00:03]} 49. Bg2 {[%clk 00:02:54]}
{[%emt 00:02:33]} f5 {[%clk 00:39:37]} {[%emt 00:00:08]} 50. Bb7 {[%clk
00:02:38]} {[%emt 00:00:26]} Be6 {[%clk 00:39:37]} {[%emt 00:00:11]} 51. Bc6
{[%clk 00:02:27]} {[%emt 00:00:21]} Bc4 {[%clk 00:39:15]} {[%emt 00:00:31]} 52.
Bb7 {[%clk 00:02:23]} {[%emt 00:00:14]} Kf6 {[%clk 00:39:14]} {[%emt 00:00:11]}
53. Ba6 {[%clk 00:02:06]} {[%emt 00:00:27]} Ke7 {[%clk 00:38:33]} {[%emt
00:00:50]} 54. Bc8 {[%clk 00:02:03]} {[%emt 00:00:13]} Kf6 {[%clk 00:38:10]}
{[%emt 00:00:34]} 55. c6 {[%clk 00:01:28]} {[%emt 00:00:46]} f4+ {[%clk
00:36:32]} {[%emt 00:01:47]} 56. gxf4 {[%clk 00:01:28]} {[%emt 00:00:08]} exf4+
{[%clk 00:36:32]} {[%emt 00:00:05]} 57. Kxf4 {[%clk 00:01:12]} {[%emt
00:00:27]} Ke7 {[%clk 00:36:32]} 58. Ke5 {[%clk 00:01:08]} {[%emt 00:00:16]}
Kd8 {[%clk 00:36:32]} {[%emt 00:00:06]} 59. Bd7 {[%clk 00:00:49]} {[%emt
00:00:29]} Kc7 {[%clk 00:36:32]} {[%emt 00:00:05]} 60. Kd4 {[%clk 00:00:49]}
{[%emt 00:00:02]} Kd6 {[%clk 00:36:03]} {[%emt 00:00:39]} 1/2-1/2

[Event "2024 US National High School (K-12) Championship"]
[Site "Baltimore, Maryland, United States"]
[Date "2024.04.06"]
[Round "3.5"]
[White "Yesuntumur, Tugstumur"]
[Black "Yin, Evan"]
[Result "1-0"]
[TimeControl "G/90; d10"]
[WhiteTitle "FM"]
[WhiteFideId "4902521"]
[BlackFideId "30953111"]
[WhiteElo "2478"]
[BlackElo "2209"]

1. Nf3 {[%clk 01:30:00]} {[%emt 00:00:01]} d5 {[%clk 01:30:00]} {[%emt
00:00:07]} 2. g3 {[%clk 01:29:56]} {[%emt 00:00:15]} c5 {[%clk 01:29:47]}
{[%emt 00:00:22]} 3. Bg2 {[%clk 01:29:56]} {[%emt 00:00:05]} Nf6 {[%clk
01:29:46]} {[%emt 00:00:11]} 4. O-O {[%clk 01:29:56]} {[%emt 00:00:06]} e6
{[%clk 01:29:13]} {[%emt 00:00:43]} 5. d3 {[%clk 01:28:55]} {[%emt 00:01:12]}
Be7 {[%clk 01:26:40]} {[%emt 00:02:42]} 6. c3 {[%clk 01:27:51]} {[%emt
00:01:14]} O-O {[%clk 01:24:24]} {[%emt 00:02:26]} 7. Qc2 {[%clk 01:27:46]}
{[%emt 00:00:15]} b5 {[%clk 01:16:51]} {[%emt 00:07:43]} 8. e4 {[%clk
01:26:37]} {[%emt 00:01:19]} Bb7 {[%clk 01:15:21]} {[%emt 00:01:40]} 9. Re1
{[%clk 01:26:04]} {[%emt 00:00:42]} Nc6 {[%clk 01:12:54]} {[%emt 00:02:38]} 10.
Nbd2 {[%clk 01:23:45]} {[%emt 00:02:29]} Rc8 {[%clk 01:10:37]} {[%emt
00:02:26]} 11. Nf1 {[%clk 01:22:38]} {[%emt 00:01:17]} d4 {[%clk 01:05:01]}
{[%emt 00:05:46]} 12. a3 {[%clk 01:05:48]} {[%emt 00:17:01]} Qd7 {[%clk
00:58:10]} {[%emt 00:07:00]} 13. e5 {[%clk 01:04:46]} {[%emt 00:01:13]} Nd5
{[%clk 00:57:09]} {[%emt 00:01:11]} 14. c4 {[%clk 01:04:46]} {[%emt 00:00:08]}
bxc4 {[%clk 00:56:55]} {[%emt 00:00:23]} 15. dxc4 {[%clk 01:04:46]} {[%emt
00:00:03]} Nb6 {[%clk 00:55:40]} {[%emt 00:01:26]} 16. Qd3 {[%clk 01:03:12]}
{[%emt 00:01:43]} f6 {[%clk 00:47:56]} {[%emt 00:07:54]} 17. exf6 {[%clk
01:01:27]} {[%emt 00:01:55]} Bxf6 {[%clk 00:47:55]} {[%emt 00:00:11]} 18. N1d2
{[%clk 00:58:03]} {[%emt 00:03:34]} Qf7 {[%clk 00:36:14]} {[%emt 00:11:51]} 19.
Ne4 {[%clk 00:56:48]} {[%emt 00:01:25]} Be7 {[%clk 00:30:58]} {[%emt 00:05:25]}
20. Bg5 {[%clk 00:55:46]} {[%emt 00:01:12]} h6 {[%clk 00:28:51]} {[%emt
00:02:18]} 21. Bxe7 {[%clk 00:55:31]} {[%emt 00:00:25]} Qxe7 {[%clk 00:28:50]}
{[%emt 00:00:11]} 22. h4 {[%clk 00:53:33]} {[%emt 00:02:08]} Nd7 {[%clk
00:24:23]} {[%emt 00:04:37]} 23. Neg5 {[%clk 00:44:34]} {[%emt 00:09:09]} hxg5
{[%clk 00:23:35]} {[%emt 00:00:59]} 24. Nxg5 {[%clk 00:44:34]} {[%emt
00:00:03]} Nf6 {[%clk 00:18:08]} {[%emt 00:05:37]} 25. Rxe6 {[%clk 00:44:20]}
{[%emt 00:00:23]} Ne5 {[%clk 00:10:02]} {[%emt 00:08:16]} 26. Qf5 {[%clk
00:40:27]} {[%emt 00:04:03]} Qd7 {[%clk 00:08:03]} {[%emt 00:02:09]} 27. Bxb7
{[%clk 00:40:18]} {[%emt 00:00:19]} Qxb7 {[%clk 00:06:51]} {[%emt 00:01:23]} 28.
Rxe5 {[%clk 00:40:18]} {[%emt 00:00:05]} Qxb2 {[%clk 00:05:12]} {[%emt
00:01:49]} 29. Rb1 {[%clk 00:40:02]} {[%emt 00:00:26]} Qd2 {[%clk 00:04:26]}
{[%emt 00:00:56]} 30. Re7 {[%clk 00:39:44]} {[%emt 00:00:27]} Rb8 {[%clk
00:02:42]} {[%emt 00:01:55]} 31. Rxb8 {[%clk 00:38:58]} {[%emt 00:00:56]} Rxb8
{[%clk 00:02:42]} {[%emt 00:00:04]} 32. Qg6 {[%clk 00:38:30]} {[%emt 00:00:39]}
Qd1+ {[%clk 00:00:54]} {[%emt 00:01:57]} 33. Kg2 {[%clk 00:38:30]} {[%emt
00:00:04]} Nh5 {[%clk 00:00:28]} {[%emt 00:00:36]} 34. Re8+ {[%clk 00:38:30]}
{[%emt 00:00:09]} 1-0

[Event "2024 US National High School (K-12) Championship"]
[Site "Baltimore, Maryland, United States"]
[Date "2024.04.06"]
[Round "3.6"]
[White "Shuman, Nathaniel Lande"]
[Black "Liu, Eric Chang"]
[Result "1-0"]
[TimeControl "G/90; d10"]
[BlackTitle "FM"]
[WhiteFideId "30908116"]
[BlackFideId "30960240"]
[WhiteElo "2211"]
[BlackElo "2435"]

1. d4 {[%clk 01:27:15]} {[%emt 00:02:54]} Nf6 {[%clk 01:30:00]} {[%emt
00:00:05]} 2. Bf4 {[%clk 01:26:31]} {[%emt 00:00:54]} d6 {[%clk 01:30:00]}
{[%emt 00:00:07]} 3. Nc3 {[%clk 01:26:29]} {[%emt 00:00:11]} Nbd7 {[%clk
01:30:00]} {[%emt 00:00:06]} 4. Nf3 {[%clk 01:26:29]} {[%emt 00:00:04]} c5
{[%clk 01:30:00]} {[%emt 00:00:06]} 5. e3 {[%clk 01:20:33]} {[%emt 00:06:05]}
a6 {[%clk 01:30:00]} {[%emt 00:00:05]} 6. a4 {[%clk 01:20:02]} {[%emt
00:00:41]} d5 {[%clk 01:29:35]} {[%emt 00:00:36]} 7. Be2 {[%clk 01:12:04]}
{[%emt 00:08:07]} e6 {[%clk 01:29:35]} {[%emt 00:00:08]} 8. h3 {[%clk
01:11:38]} {[%emt 00:00:36]} b6 {[%clk 01:23:07]} {[%emt 00:06:38]} 9. O-O
{[%clk 01:10:04]} {[%emt 00:01:43]} Bb7 {[%clk 01:21:28]} {[%emt 00:01:50]} 10.
Ne5 {[%clk 01:03:44]} {[%emt 00:06:30]} Be7 {[%clk 01:21:17]} {[%emt 00:00:22]}
11. Bf3 {[%clk 01:02:26]} {[%emt 00:01:28]} Nxe5 {[%clk 01:16:23]} {[%emt
00:05:03]} 12. Bxe5 {[%clk 00:57:41]} {[%emt 00:04:55]} O-O {[%clk 01:16:11]}
{[%emt 00:00:22]} 13. Qd3 {[%clk 00:51:21]} {[%emt 00:06:29]} Bd6 {[%clk
01:09:41]} {[%emt 00:06:41]} 14. Bxd6 {[%clk 00:44:48]} {[%emt 00:06:44]} Qxd6
{[%clk 01:09:41]} {[%emt 00:00:05]} 15. dxc5 {[%clk 00:35:27]} {[%emt
00:09:31]} Qxc5 {[%clk 01:00:04]} {[%emt 00:09:47]} 16. Qd4 {[%clk 00:35:27]}
{[%emt 00:00:02]} Qc7 {[%clk 00:59:33]} {[%emt 00:00:42]} 17. Rfd1 {[%clk
00:34:18]} {[%emt 00:01:18]} Rfd8 {[%clk 00:57:15]} {[%emt 00:02:27]} 18. Ra3
{[%clk 00:30:59]} {[%emt 00:03:30]} e5 {[%clk 00:55:18]} {[%emt 00:02:07]} 19.
Qh4 {[%clk 00:25:22]} {[%emt 00:05:47]} Rd7 {[%clk 00:52:20]} {[%emt 00:03:09]}
20. Rb3 {[%clk 00:24:15]} {[%emt 00:01:17]} Re8 {[%clk 00:46:31]} {[%emt
00:05:58]} 21. Qb4 {[%clk 00:23:35]} {[%emt 00:00:50]} Re6 {[%clk 00:42:04]}
{[%emt 00:04:37]} 22. Ne2 {[%clk 00:16:00]} {[%emt 00:07:45]} Rc6 {[%clk
00:30:35]} {[%emt 00:11:39]} 23. Rc3 {[%clk 00:15:05]} {[%emt 00:01:04]} Rxc3
{[%clk 00:24:59]} {[%emt 00:05:48]} 24. bxc3 {[%clk 00:14:16]} {[%emt
00:00:58]} a5 {[%clk 00:23:57]} {[%emt 00:01:13]} 25. Qb5 {[%clk 00:11:33]}
{[%emt 00:02:52]} Rd6 {[%clk 00:22:48]} {[%emt 00:01:20]} 26. g3 {[%clk
00:09:43]} {[%emt 00:01:59]} Qc8 {[%clk 00:20:18]} {[%emt 00:02:41]} 27. c4
{[%clk 00:06:37]} {[%emt 00:03:15]} Ba6 {[%clk 00:18:41]} {[%emt 00:01:48]} 28.
Qb2 {[%clk 00:06:37]} {[%emt 00:00:01]} e4 {[%clk 00:18:38]} {[%emt 00:00:12]}
29. Bg2 {[%clk 00:06:37]} {[%emt 00:00:05]} Bxc4 {[%clk 00:17:20]} {[%emt
00:01:29]} 30. Nd4 {[%clk 00:06:37]} {[%emt 00:00:05]} g6 {[%clk 00:16:15]}
{[%emt 00:01:15]} 31. Rb1 {[%clk 00:05:41]} {[%emt 00:01:06]} Nd7 {[%clk
00:16:02]} {[%emt 00:00:24]} 32. h4 {[%clk 00:03:54]} {[%emt 00:01:57]} Nc5
{[%clk 00:15:16]} {[%emt 00:00:56]} 33. Qa3 {[%clk 00:03:44]} {[%emt 00:00:20]}
h5 {[%clk 00:13:58]} {[%emt 00:01:27]} 34. Bf1 {[%clk 00:03:44]} {[%emt
00:00:07]} Bxf1 {[%clk 00:13:43]} {[%emt 00:00:26]} 35. Rxf1 {[%clk 00:03:37]}
{[%emt 00:00:17]} Qd7 {[%clk 00:13:11]} {[%emt 00:00:42]} 36. Nb5 {[%clk
00:03:37]} {[%emt 00:00:08]} Rc6 {[%clk 00:13:11]} {[%emt 00:00:05]} 37. Rd1
{[%clk 00:03:37]} {[%emt 00:00:08]} Rf6 {[%clk 00:07:33]} {[%emt 00:05:48]} 38.
Qa2 {[%clk 00:03:37]} {[%emt 00:00:03]} Qf5 {[%clk 00:05:37]} {[%emt 00:02:07]}
39. Rd2 {[%clk 00:03:37]} Kg7 {[%clk 00:05:37]} {[%emt 00:00:05]} 40. Nc7
{[%clk 00:03:28]} {[%emt 00:00:18]} Qe5 {[%clk 00:04:52]} {[%emt 00:00:55]} 41.
Nxd5 {[%clk 00:03:28]} {[%emt 00:00:02]} Rd6 {[%clk 00:04:52]} {[%emt
00:00:01]} 42. Kg2 {[%clk 00:01:59]} {[%emt 00:01:39]} Nxa4 {[%clk 00:04:32]}
{[%emt 00:00:30]} 43. c4 {[%clk 00:01:40]} {[%emt 00:00:28]} Nc5 {[%clk
00:04:26]} {[%emt 00:00:17]} 44. Rd4 {[%clk 00:01:22]} {[%emt 00:00:28]} Ne6
{[%clk 00:04:13]} {[%emt 00:00:23]} 45. Rd2 {[%clk 00:01:22]} {[%emt 00:00:01]}
Nc5 {[%clk 00:04:04]} {[%emt 00:00:20]} 46. Rd4 {[%clk 00:01:22]} Kg8 {[%clk
00:03:02]} {[%emt 00:01:12]} 47. Qb1 {[%clk 00:01:18]} {[%emt 00:00:15]} Nd3
{[%clk 00:02:36]} {[%emt 00:00:35]} 48. Qb5 {[%clk 00:00:49]} {[%emt 00:00:39]}
Ne1+ {[%clk 00:02:11]} {[%emt 00:00:35]} 49. Kf1 {[%clk 00:00:49]} {[%emt
00:00:05]} Nc2 {[%clk 00:01:45]} {[%emt 00:00:36]} 50. Rd1 {[%clk 00:00:38]}
{[%emt 00:00:21]} Nb4 {[%clk 00:01:45]} {[%emt 00:00:03]} 51. Rd4 {[%clk
00:00:33]} {[%emt 00:00:15]} Nxd5 {[%clk 00:01:12]} {[%emt 00:00:44]} 52. cxd5
{[%clk 00:00:33]} {[%emt 00:00:03]} Qe7 {[%clk 00:01:03]} {[%emt 00:00:18]} 53.
Qc4 {[%clk 00:00:33]} {[%emt 00:00:08]} Qd7 {[%clk 00:01:03]} {[%emt 00:00:01]}
54. Ke2 {[%clk 00:00:18]} {[%emt 00:00:24]} b5 {[%clk 00:01:03]} {[%emt
00:00:01]} 55. Qc5 {[%clk 00:00:18]} {[%emt 00:00:04]} Qg4+ {[%clk 00:01:00]}
{[%emt 00:00:14]} 56. Ke1 {[%clk 00:00:18]} {[%emt 00:00:01]} Qd7 {[%clk
00:01:00]} {[%emt 00:00:03]} 57. Ke2 {[%clk 00:00:18]} {[%emt 00:00:10]} a4
{[%clk 00:01:00]} {[%emt 00:00:08]} 58. Kd2 {[%clk 00:00:18]} {[%emt 00:00:10]}
Kh7 {[%clk 00:01:00]} {[%emt 00:00:08]} 59. Kc3 {[%clk 00:00:18]} {[%emt
00:00:04]} a3 {[%clk 00:00:20]} {[%emt 00:00:50]} 60. Kb3 {[%clk 00:00:18]}
{[%emt 00:00:03]} Ra6 {[%clk 00:00:20]} {[%emt 00:00:07]} 61. Ka2 {[%clk
00:00:18]} {[%emt 00:00:04]} Qf5 {[%clk 00:00:20]} {[%emt 00:00:03]} 62. Rd2
{[%clk 00:00:18]} {[%emt 00:00:08]} Qd7 {[%clk 00:00:17]} {[%emt 00:00:14]} 63.
Rd4 {[%clk 00:00:18]} {[%emt 00:00:02]} Rd6 {[%clk 00:00:17]} {[%emt 00:00:04]}
64. Kxa3 {[%clk 00:00:18]} {[%emt 00:00:07]} Ra6+ {[%clk 00:00:17]} {[%emt
00:00:01]} 65. Kb3 {[%clk 00:00:18]} {[%emt 00:00:04]} Qf5 {[%clk 00:00:17]}
{[%emt 00:00:06]} 66. Qc2 {[%clk 00:00:15]} {[%emt 00:00:13]} Rd6 {[%clk
00:00:17]} {[%emt 00:00:07]} 67. Qxe4 {[%clk 00:00:15]} {[%emt 00:00:05]} Qxf2
{[%clk 00:00:17]} {[%emt 00:00:06]} 68. Qf4 {[%clk 00:00:15]} {[%emt 00:00:05]}
Qxf4 {[%clk 00:00:17]} {[%emt 00:00:03]} 69. exf4 {[%clk 00:00:15]} {[%emt
00:00:02]} Kg7 {[%clk 00:00:17]} {[%emt 00:00:06]} 70. Kb4 {[%clk 00:00:15]}
Kf6 {[%clk 00:00:17]} {[%emt 00:00:04]} 71. Kxb5 {[%clk 00:00:15]} {[%emt
00:00:07]} Kf5 {[%clk 00:00:17]} {[%emt 00:00:07]} 72. Kc5 {[%clk 00:00:15]}
{[%emt 00:00:02]} Rd8 {[%clk 00:00:17]} 73. d6 {[%clk 00:00:15]} {[%emt
00:00:08]} Kg4 {[%clk 00:00:17]} {[%emt 00:00:02]} 74. Rd3 {[%clk 00:00:15]}
{[%emt 00:00:04]} f6 {[%clk 00:00:14]} {[%emt 00:00:13]} 75. Kc6 {[%clk
00:00:15]} {[%emt 00:00:10]} Rc8+ {[%clk 00:00:14]} {[%emt 00:00:09]} 76. Kb7
{[%clk 00:00:15]} {[%emt 00:00:04]} Rg8 {[%clk 00:00:14]} {[%emt 00:00:10]} 77.
d7 {[%clk 00:00:15]} {[%emt 00:00:05]} g5 {[%clk 00:00:14]} {[%emt 00:00:10]}
78. fxg5 {[%clk 00:00:15]} {[%emt 00:00:05]} fxg5 {[%clk 00:00:14]} {[%emt
00:00:02]} 79. hxg5 {[%clk 00:00:15]} Rg7 {[%clk 00:00:11]} {[%emt 00:00:12]}
80. Kc8 {[%clk 00:00:15]} {[%emt 00:00:02]} Rg8+ {[%clk 00:00:10]} {[%emt
00:00:10]} 81. d8=Q {[%clk 00:00:15]} {[%emt 00:00:02]} Rxd8+ {[%clk 00:00:10]}
{[%emt 00:00:03]} 82. Kxd8 {[%clk 00:00:15]} {[%emt 00:00:02]} Kxg5 {[%clk
00:00:10]} {[%emt 00:00:02]} 83. Rd4 {[%clk 00:00:15]} {[%emt 00:00:03]} 1-0

[Event "2024 US National High School (K-12) Championship"]
[Site "Baltimore, Maryland, United States"]
[Date "2024.04.06"]
[Round "3.7"]
[White "Huston, Gus"]
[Black "Levine, Jack"]
[Result "1-0"]
[TimeControl "G/90; d10"]
[WhiteTitle "IM"]
[WhiteFideId "30909090"]
[BlackFideId "30916011"]
[WhiteElo "2460"]
[BlackElo "2168"]

1. c4 {[%clk 01:29:54]} {[%emt 00:00:15]} e6 {[%clk 01:30:00]} {[%emt
00:00:06]} 2. Nc3 {[%clk 01:29:54]} {[%emt 00:00:06]} Nf6 {[%clk 01:28:34]}
{[%emt 00:01:38]} 3. e4 {[%clk 01:29:54]} {[%emt 00:00:06]} d5 {[%clk
01:27:10]} {[%emt 00:01:34]} 4. e5 {[%clk 01:29:54]} {[%emt 00:00:08]} d4
{[%clk 01:26:24]} {[%emt 00:00:57]} 5. exf6 {[%clk 01:29:54]} {[%emt 00:00:05]}
dxc3 {[%clk 01:26:24]} {[%emt 00:00:07]} 6. bxc3 {[%clk 01:29:54]} {[%emt
00:00:02]} Qxf6 {[%clk 01:24:32]} {[%emt 00:02:02]} 7. Nf3 {[%clk 01:29:54]}
{[%emt 00:00:01]} h6 {[%clk 01:19:08]} {[%emt 00:05:35]} 8. Bd3 {[%clk
01:29:09]} {[%emt 00:00:55]} Bd7 {[%clk 01:12:54]} {[%emt 00:06:24]} 9. O-O
{[%clk 01:27:28]} {[%emt 00:01:51]} Bd6 {[%clk 01:10:53]} {[%emt 00:02:10]} 10.
Rb1 {[%clk 01:26:24]} {[%emt 00:01:15]} Qf4 {[%clk 01:03:35]} {[%emt 00:07:28]}
11. g3 {[%clk 01:25:45]} {[%emt 00:00:49]} Qg4 {[%clk 01:02:40]} {[%emt
00:01:05]} 12. Nd4 {[%clk 01:24:58]} {[%emt 00:00:57]} Qxd1 {[%clk 00:57:22]}
{[%emt 00:05:27]} 13. Rxd1 {[%clk 01:24:58]} {[%emt 00:00:02]} Na6 {[%clk
00:53:46]} {[%emt 00:03:47]} 14. Bc2 {[%clk 01:18:57]} {[%emt 00:06:10]} Nc5
{[%clk 00:45:33]} {[%emt 00:08:24]} 15. Nb5 {[%clk 01:18:40]} {[%emt 00:00:27]}
a6 {[%clk 00:34:59]} {[%emt 00:10:44]} 16. Nxd6+ {[%clk 01:18:27]} {[%emt
00:00:23]} cxd6 {[%clk 00:34:59]} {[%emt 00:00:01]} 17. d4 {[%clk 01:10:29]}
{[%emt 00:08:08]} Ba4 {[%clk 00:25:37]} {[%emt 00:09:32]} 18. Rd2 {[%clk
01:10:19]} {[%emt 00:00:19]} Bxc2 {[%clk 00:25:15]} {[%emt 00:00:33]} 19. Rxc2
{[%clk 01:10:19]} {[%emt 00:00:01]} Ne4 {[%clk 00:24:07]} {[%emt 00:01:18]} 20.
Rxb7 {[%clk 01:09:56]} {[%emt 00:00:33]} O-O {[%clk 00:23:53]} {[%emt
00:00:24]} 21. f3 {[%clk 01:08:39]} {[%emt 00:01:26]} Nf6 {[%clk 00:22:25]}
{[%emt 00:01:39]} 22. Ba3 {[%emt 00:01:28]} Rfc8 {[%clk 00:21:46]} 23. c5
{[%clk 01:07:22]} {[%emt 00:00:58]} dxc5 {[%clk 00:21:46]} {[%emt 00:00:07]} 24.
Bxc5 {[%clk 01:07:21]} {[%emt 00:00:10]} Rc6 {[%clk 00:19:28]} {[%emt
00:02:28]} 25. Rcb2 {[%clk 01:05:55]} {[%emt 00:01:36]} Nd5 {[%clk 00:19:14]}
{[%emt 00:00:24]} 26. Rb8+ {[%clk 01:04:53]} {[%emt 00:01:12]} Rxb8 {[%clk
00:19:06]} {[%emt 00:00:18]} 27. Rxb8+ {[%clk 01:04:53]} {[%emt 00:00:06]} Kh7
{[%clk 00:19:06]} {[%emt 00:00:02]} 28. Rb3 {[%clk 01:04:25]} {[%emt 00:00:38]}
e5 {[%clk 00:18:13]} {[%emt 00:01:03]} 29. Kf2 {[%clk 00:57:17]} {[%emt
00:07:18]} Kg6 {[%clk 00:16:12]} {[%emt 00:02:11]} 30. Ke2 {[%clk 00:56:04]}
{[%emt 00:01:23]} Kf5 {[%clk 00:15:41]} {[%emt 00:00:42]} 31. Kd3 {[%clk
00:55:35]} {[%emt 00:00:39]} exd4 {[%clk 00:15:05]} {[%emt 00:00:45]} 32. Bxd4
{[%clk 00:55:35]} {[%emt 00:00:02]} g5 {[%clk 00:14:47]} {[%emt 00:00:29]} 33.
Ra3 {[%clk 00:53:29]} {[%emt 00:02:15]} Ke6 {[%clk 00:13:50]} {[%emt 00:01:07]}
34. Ra5 {[%clk 00:53:07]} {[%emt 00:00:32]} f5 {[%clk 00:12:24]} {[%emt
00:01:36]} 35. c4 {[%clk 00:52:39]} {[%emt 00:00:38]} Ne7 {[%clk 00:12:11]}
{[%emt 00:00:23]} 36. Re5+ {[%clk 00:52:34]} {[%emt 00:00:15]} Kd7 {[%clk
00:12:06]} {[%emt 00:00:15]} 37. Bc5 {[%clk 00:52:30]} {[%emt 00:00:14]} Ng6
{[%clk 00:11:49]} {[%emt 00:00:27]} 38. Rxf5 {[%clk 00:51:29]} {[%emt
00:01:11]} Ke6 {[%clk 00:10:57]} {[%emt 00:01:01]} 39. Ke4 {[%clk 00:51:29]}
{[%emt 00:00:06]} Rc8 {[%clk 00:08:17]} {[%emt 00:02:51]} 40. Bd4 {[%clk
00:51:11]} {[%emt 00:00:27]} Re8 {[%clk 00:08:17]} {[%emt 00:00:02]} 41. Rf6+
{[%clk 00:51:05]} {[%emt 00:00:16]} Kd7+ {[%clk 00:08:17]} {[%emt 00:00:02]} 42.
Kd3 {[%clk 00:51:04]} {[%emt 00:00:12]} Re6 {[%clk 00:08:16]} {[%emt 00:00:11]}
43. Rxe6 {[%clk 00:50:40]} {[%emt 00:00:34]} Kxe6 {[%clk 00:08:16]} {[%emt
00:00:02]} 44. Ke4 {[%clk 00:50:40]} Ne7 {[%clk 00:08:12]} {[%emt 00:00:14]} 45.
g4 {[%clk 00:50:21]} 1-0